UBT Library

MICROSOFT VISUAL BASIC 6.0 IN ACTION (Record no. 22838)

000 -LEADER
fixed length control field 00277nam a22001217a 4500
008 - FIXED-LENGTH DATA ELEMENTS--GENERAL INFORMATION
fixed length control field 170807b xxu||||| |||| 00| 0 eng d
041 ## - LANGUAGE CODE
Language code of text/sound track or separate title eng
080 ## - UNIVERSAL DECIMAL CLASSIFICATION NUMBER
Universal Decimal Classification number 004
100 ## - Rafti
Rafti 34
101 ## - Shkurtesa
Shkurtesa SHK
245 ## - TITLE STATEMENT
Title MICROSOFT VISUAL BASIC 6.0 IN ACTION
Statement of responsibility, etc HALVORSON,M
942 ## - ADDED ENTRY ELEMENTS (KOHA)
Source of classification or shelving scheme
Item type Books
Holdings
Withdrawn status Lost status Source of classification or shelving scheme Damaged status Not for loan Collection code Permanent location Current location Shelving location Date acquired Total Checkouts Full call number Barcode Date last seen Price effective from Koha item type
          Koleksioni i përgjithshem UBT - Lipjan UBT - Lipjan Koleksioni i përgjithshem 08/07/2017   004 HAL 002-2912587 08/07/2017 08/07/2017 Books
UBT Library © 2015-2024. All rights reserved University Education for Business and Technology